| 000 | 00687nas a2200241 4500 | ||
|---|---|---|---|
| 001 | BR9502427 | ||
| 003 | BR-BrBNA | ||
| 005 | 20231205094327.0 | ||
| 007 | ta | ||
| 008 | 230509b bl.|||p| |||| 00| 00por d | ||
| 040 |
_aBR-BrBNA _bpor _cBiblioteca Nacional de Agricultura |
||
| 041 | _a(Pt) | ||
| 072 | _aH20 | ||
| 100 | 1 | _aHenz, G.P. | |
| 100 | 1 | _aLopes, C.A. | |
| 245 | 1 | _aSpongospora subterranea em batata no Distrito Federal | |
| 650 | _aBatata | ||
| 650 | _aFungo | ||
| 650 | _aDistrito Federal | ||
| 773 | 0 |
_tHorticultura Brasileira (Brazil) _xISSN 0102-0536 _g(May 1993), v. 11(1) p. 54-55 _wBR9502427 |
|
| 909 |
_a202311 _bLúcia _c55 _dLúcia Elande |
||
| 942 |
_2AGRIS _n0 _cANA |
||
| 999 |
_c143605 _d143605 |
||